000 00624nam a2200205 a 4500
005 20220623063528.0
008 991125s1979 mx 000 0 spa u
020 _a9683400515
035 _aUPN01000025857
049 _aCG
050 4 _aPN6019 G7
_bT6.48
100 1 _aTomasi di Lampedusa, Giuseppe,
_d1896-1957
_938646
245 1 3 _aEl gatopardo /
_cGiuseppe Tomasi di Lampedusa ; tr. del italiano por Fernando Gutiérrez
260 _aMéxico :
_bPROMEXA,
_c1979
300 _axiii, 252 p
440 4 _aLas grandes obras del siglo veinte
650 0 _aNovela italiana
_95076
904 _aAC
_b025858
905 _aLibro
999 _c25857
_d25857